Libertad y fidelidad en Cristo: teología moral para sacerdotes y seglares

Saved in:
Bibliografiske detaljer
Hovedforfatter: Haring, Bernhard (Author)
Format: Bog
Sprog:spansk
Udgivet: Barcelona Herder 1981
Serier:Biblioteca Herder, 163, 164, 165
Fag:
Tags: Tilføj Tag
Ingen Tags, Vær først til at tagge denne postø!

MARC

LEADER 00000nam a2200000 a 4500
001 UCR2216
003 CL-VaPUC
008 980109e19810000SP |||||||||||||||||spa|d
082 0 4 |a 241  |b HAR  |2 21 
100 0 |a Haring, Bernhard  |e author  |9 349274 
245 1 0 |a Libertad y fidelidad en Cristo: teología moral para sacerdotes y seglares 
300 |a v 
942 |c BK 
945 |d 19980109 00:00:00  |a rleighto 
260 |a Barcelona  |b Herder  |c 1981 
500 |a v.1: Los fundamentos 
500 |a v.2: El hombre en pos de la verdad y del amor 
500 |a v.3: Responsabilidad del hombre ante la vida 
650 0 |a Teología moral   |9 256617 
650 7 |a RELIGIOSOS  |2 CL-VaPUC  |9 352012 
650 0 |a Antiguo testamento   |9 313678 
650 0 |a Nuevo testamento  |9 257604 
650 0 |a Iglesia   |9 255004 
650 0 |a Conciencia  |9 309452 
650 0 |a Cristianismo  |9 257361 
650 0 |a Pecado  |9 314980 
650 7 |a CONVERSION  |2 CL-VaPUC  |9 310975 
583 |a last modification  |c 19980109 00:00:00  |k Rodrigo Vera 
490 0 |a Biblioteca Herder, 163, 164, 165 
999 |c 265474  |d 265472 
952 |0 0  |1 0  |4 0  |6 241_000000000000000_HAR_1981  |7 0  |8 A  |9 296411  |a BIBTEO  |b BIBTEO  |d 2019-11-20  |h v.1  |i 3384829  |o 241 HAR 1981  |p 3384829  |r 2025-01-17  |w 2019-11-20  |y BK  |k ICR 
952 |0 0  |1 0  |4 0  |6 241_000000000000000_HAR_1981  |7 0  |8 A  |9 296412  |a BIBTEO  |b BIBTEO  |d 2019-11-20  |h v.2  |i 3384837  |o 241 HAR 1981  |p 3384837  |r 2025-01-17  |w 2019-11-20  |y BK  |k ICR 
952 |0 0  |1 0  |4 0  |6 241_000000000000000_HAR_1981  |7 0  |8 A  |9 296413  |a BIBTEO  |b BIBTEO  |d 2019-11-20  |h v.3  |i 3384845  |o 241 HAR 1981  |p 3384845  |r 2025-01-17  |w 2019-11-20  |y BK  |k ICR